000 00591nam a22002417a 4500
003 UA-OsUOA
001 24613
007 ta
008 20040223b un ||||| |||| 00| 0 ukr d
090 _a339.94(075.8)
_bМ58
942 _cBK
040 _aUA-OsUOA
_bukr
_cUA-OsUOA
_dUA-OsUOA
245 _aМіжнародний агробізнес
_bНавчальний посібник
300 _a208 с.
955 _a0
041 _aukr
080 _a339.94(075.8)
020 _a966-8253-20-5
260 _aКиїв
_bЦУЛ
_c2003
044 _aUA
650 7 _2UDC
999 _c310892
_d310892